MARC

LEADER 00000nam0a2200000 4500
001 270486
005 20231101234341.0
035 |a (RuTPU)RU\TPU\book\293667 
090 |a 270486 
100 |a 20140929d1986 k y0rusy50 ca 
101 0 |a rus 
102 |a RU 
105 |a a z 001zy 
200 1 |a Обеспечение надёжности магистральных нефтепроводов в условиях эксплуатации  |e сборник научных трудов  |f Всесоюзный научно-исследовательский институт по сбору, подготовке и транспорту нефти и нефтепродуктов (ВНИИСПТнефть) ; под ред. А. Г. Гумерова 
210 |a Уфа  |c Изд-во ВНИИСПТнефть  |d 1986 
215 |a 126 с.  |c ил. 
320 |a Библиография в конце статей 
606 1 |a Нефтепроводы магистральные  |x Эксплуатация  |2 stltpush  |3 (RuTPU)RU\TPU\subj\45773  |9 64964 
610 1 |a насосный агрегат 
610 1 |a нефтяные резервуары 
610 1 |a надежность 
610 1 |a напряженно-деформированное состояние 
610 1 |a гидравлические испытания 
610 1 |a устойчивость 
610 1 |a исследование 
610 1 |a ремонт 
610 1 |a жидкости 
610 1 |a расход 
675 |a 622.692.4  |v 4 
702 1 |a Гумеров  |b А. Г.  |4 340 
712 0 2 |a Всесоюзный научно-исследовательский институт по сбору, подготовке и транспорту нефти и нефтепродуктов (ВНИИСПТнефть)  |c (Уфа)  |c (1970-1992)  |2 stltpush  |3 (RuTPU)RU\TPU\col\7482 
801 1 |a RU  |b 63413507  |c 20140929 
801 2 |a RU  |b 63413507  |c 20170307  |g RCR 
942 |c BK